| 000 | 00806cab a2200265 4500 | ||
|---|---|---|---|
| 001 | WB3116-110 | ||
| 008 | 090401t1995 xxu||||| |||| 00| 0 eng d | ||
| 035 | _a(Sirsi) u11258 | ||
| 041 | _aeng | ||
| 245 | _aCEL loses legal fight | ||
| 260 | _c1995 | ||
| 350 | _a0 | ||
| 490 |
_aProperty Week _v51(3) 20 April 1995, 9(1) |
||
| 520 | _aColliers Erdman Lewis has failed in a further round of their legal battle over the negligent valuation of a disused factory site in East Acton. | ||
| 650 | _aCOLLIERS ERDMAN LEWIS | ||
| 650 | _aEDWARD ERDMAN | ||
| 650 | _aLIONHILL | ||
| 650 | _aMORTGAGE VALUATION | ||
| 650 | _aNEGLIGENCE | ||
| 650 | _aNYKREDIT MORTGAGE BANK | ||
| 650 | _aVALUERS | ||
| 690 | _aMANAGEMENT-BUSINESS MANAGEMENT-PROFESSIONAL PRACTICE | ||
| 942 | _n0 | ||
| 948 | _c04/03/1997 | ||
| 999 |
_c7165 _d7165 |
||